000 00972nam a2200277 a 4500
001 BRCA_4170
005 20190320204554.0
008 220410m19201921fr-a######---#000-0#fre-#
041 _afre
044 _afr
050 4 _aNE85
_b.M66 1920
100 1 _aMonod, Lucien
_910772
245 1 0 _aLe Prix des Estampes, Anciennes et Modernes, Prix Atteints dans les Ventes-Suites et états, Biographies et Bibliographies
_cpar Lucien Monod.
260 _aParís
_bAlbert Morancé
_cc1920-1921
300 _a3 v.
_bil.
_c25 cm.
440 0 _aAide-Mémoire de l´Amateur et du Professionnel
_910773
500 _aDiccionario inventariado por Banco de México como libro
500 _aA47
505 0 _aContenido: v.1. A-DAV. -- v.2. DAV-GOV. -- v.3. GOY-LAU
650 1 4 _aEnciclopedias y diccionarios
_99441
650 1 4 _aGrabado
_vBibliografía
_97354
650 1 4 _aGrabadores
_vDiccionarios
_910774
650 1 4 _aGrabados
_xPrecios
_97422
902 _aGFM
942 _2lcc
_cB
999 _c3886
_d3886